Sports Quiz

Random Sports or NBA Quiz

Active NBA Triple-Double Leaders Quiz Stats

 Plays Quiz not verified by Sporcle

Score 0/31 Timer 05:00
0 Plays Today
% Correct
LeBron James
91.2%
Kobe Bryant
75.2%
Rajon Rondo
70.4%
Chris Paul
49.6%
Michael Carter-Williams
48.8%
Kevin Garnett
48%
Russell Westbrook
45.6%
Andrei Kirilenko
41.6%
Lance Stephenson
40%
Ricky Rubio
40%
David Lee
39.2%
Hedo Turkoglu
37.6%
Caron Butler
36.8%
Tim Duncan
32.8%
Steph Curry
32%
Nicolas Batum
32%
% Correct
Joakim Noah
31.2%
Josh Smith
31.2%
Andre Miller
30.4%
Paul Pierce
29.6%
Andre Iguodala
28.8%
Blake Griffin
27.2%
Kyle Lowry
26.4%
Paul George
26.4%
Kevin Love
26.4%
John Wall
26.4%
Boris Diaw
22.4%
Kevin Durant
22.4%
Pau Gasol
20.8%
Dwyane Wade
19.2%
Vince Carter
14.4%

You're not logged in!

Compare scores with friends on all Sporcle quizzes.
OR
Log In

Sporcle TV

Today on Sporcle TV


Watch our educational content, quiz creation guides, and fun videos on Sporcle TV.

Show Comments

Extras

Top Quizzes Today


Score Distribution

Your Account Isn't Verified!

In order to create a playlist on Sporcle, you need to verify the email address you used during registration. Go to your Sporcle Settings to finish the process.

Report this User

Report this user for behavior that violates our Community Guidelines.

Details: